| 000 | 00383cam a2200157ua 4500 | ||
|---|---|---|---|
| 041 |
_aeng _h |
||
| 082 |
_a823.301 _bBHA/RE |
||
| 100 | _aBhandari, C S . | ||
| 245 |
_aReat and recite:Book one / _cC S Bhandari. _hTextual Documents |
||
| 250 |
_a1 / _b. |
||
| 260 |
_aLondon : _bOrient-Longman Ltd , _c1966. |
||
| 300 | _a20 ; . | ||
| 504 | _a | ||
| 942 | _cBK | ||
| 999 |
_c2957 _d2957 |
||